Informatika a logistika v České republice

Vývoj vzťahu logistiky a informatiky, východzie podmienky od začiatku 90. rokov. Informatika vo výrobnej logistike. Informatika v distribučnej logistike, základné prístupy. Súčasný stav a očakávaný vývoj v logistickej informatike v Českej republike.

Gespeichert in:
Bibliographische Detailangaben
1. Verfasser: Černý, Josef
Format: Buchkapitel
Sprache:Tschechisch
Schlagworte:
Tags: Tag hinzufügen
Keine Tags, Fügen Sie das erste Tag hinzu!

MARC

LEADER 00000naa a2200000 4500
001 r033469
005 20230922090326.0
041 0 |a cze 
044 |a CZ 
245 1 0 |a Informatika a logistika v České republice  |c Josef Černý 
520 |a Vývoj vzťahu logistiky a informatiky, východzie podmienky od začiatku 90. rokov. Informatika vo výrobnej logistike. Informatika v distribučnej logistike, základné prístupy. Súčasný stav a očakávaný vývoj v logistickej informatike v Českej republike. 
610 2 0 |a logistika 
610 2 0 |a informatika 
610 2 0 |a doprava 
610 2 0 |a skladovanie 
610 2 0 |a flexibilita 
610 2 0 |a tok informácií 
610 2 0 |a distribúcia 
610 2 0 |a Česko 
100 1 |a Černý, Josef